Lanean...
Abstract Algebra
| Egile nagusia: | |
|---|---|
| Formatua: | Printed Book |
| Hizkuntza: | Undetermined |
| Argitaratua: |
Centage Learning,
2013
|
| Edizioa: | 3 ed. |
| Gaiak: |
| LEADER | 00462nam a2200145Ia 4500 | ||
|---|---|---|---|
| 008 | 200324s9999 xx 000 0 und d | ||
| 082 | |a 512 |b HUN-A | ||
| 100 | |a Hungerford, Thomas W | ||
| 245 | 0 | |a Abstract Algebra | |
| 250 | |a 3 ed. | ||
| 260 | |b Centage Learning, |c 2013 | ||
| 650 | |a Algebra-- Mathematics | ||
| 942 | |c BK | ||
| 999 | |c 286721 |d 286721 | ||
| 952 | |0 0 |1 0 |4 0 |6 512_000000000000000_HUNA |7 0 |9 305261 |a SDE |b SDE |d 2016-07-26 |l 0 |o 512 HUN-A |p SDE22531 |r 2020-03-27 |w 2020-03-27 |y BK | ||